书目信息 |
| 题名: |
激光点云测量
|
|
| 作者: | 陈琳 , 刘剑锋 , 张磊 , 孙乾 主编 | |
| 分册: | ||
| 出版信息: | 武汉 武汉大学出版社 2022.08 |
|
| 页数: | 184页 | |
| 开本: | 26cm | |
| 丛书名: | 测绘地理信息“岗课赛证”融通系列教材 | |
| 单 册: | ||
| 中图分类: | TN953 | |
| 科图分类: | ||
| 主题词: | 激光雷达测距系统--ji guang lei da ce ju xi tong--教材 | |
| 电子资源: | ||
| ISBN: | 978-7-307-23166-5 | |
| 000 | 01314nam 2200313 450 | |
| 001 | 96268 | |
| 005 | 20250912144121.70 | |
| 010 | @a978-7-307-23166-5@dCNY35.00 | |
| 100 | @a20221011d2022 em y0chiy50 ea | |
| 101 | 0 | @achi |
| 102 | @aCN@b420000 | |
| 105 | @aa a 000yy | |
| 106 | @ar | |
| 200 | 1 | @a激光点云测量@Aji guang dian yun ce liang@f主编陈琳 ... [等] |
| 210 | @a武汉@c武汉大学出版社@d2022.08 | |
| 215 | @a184页@c图@d26cm | |
| 225 | 2 | @a测绘地理信息“岗课赛证”融通系列教材@Ace hui di li xin xi “ gang ke sai zheng ” rong tong xi lie jiao cai |
| 304 | @a题名页题其余责任者: 刘剑锋, 张磊, 孙乾 | |
| 320 | @a有书目 (第183-184页) | |
| 330 | @a本书将理论与实际相结合, 从激光雷达技术的理论展开, 逐步介绍激光雷达各类软硬件产品和应用场景, 重点介绍机载、车载、地面、背包等激光雷达产品的作业流程, 即系统阐述了激光雷达的测距理论到项目实际应用的全流程。本书内容包括: 激光雷达数据的滤波与分类 ; 不同搭载平台的激光雷达产品等。 | |
| 410 | 0 | @12001 @a测绘地理信息“岗课赛证”融通系列教材 |
| 606 | 0 | @a激光雷达测距系统@Aji guang lei da ce ju xi tong@j教材 |
| 690 | @aTN953@v5 | |
| 701 | 0 | @a陈琳@Achen lin@4主编 |
| 701 | 0 | @a刘剑锋@Aliu jian feng@4主编 |
| 701 | 0 | @a张磊@Azhang lei@4主编 |
| 701 | 0 | @a孙乾@Asun qian@4主编 |
| 801 | 0 | @aCN@c20250909 |
| 905 | @a河南城建学院图书馆@dTN953@eC505 | |
| 激光点云测量/主编陈琳 ... [等].-武汉:武汉大学出版社,2022.08 |
| 184页:图;26cm.-(测绘地理信息“岗课赛证”融通系列教材) |
| ISBN 978-7-307-23166-5:CNY35.00 |
| 本书将理论与实际相结合, 从激光雷达技术的理论展开, 逐步介绍激光雷达各类软硬件产品和应用场景, 重点介绍机载、车载、地面、背包等激光雷达产品的作业流程, 即系统阐述了激光雷达的测距理论到项目实际应用的全流程。本书内容包括: 激光雷达数据的滤波与分类 ; 不同搭载平台的激光雷达产品等。 |
| ● |
| 相关链接 |
|
|
|
正题名:激光点云测量
索取号:TN953/C505
 
预约/预借
| 序号 | 登录号 | 条形码 | 馆藏地/架位号 | 状态 | 备注 |
| 1 | 1630758 | 216307583 | 自科库301/301自科库 100排9列2层/ [索取号:TN953/C505] | 在馆 |